000 00576nam a22001577a 4500
005 20120516135955.0
020 _a8178814641
_c300.00
035 _aB-181681
037 _aDPL
_bENG
245 _aChina's globalization :
_bAn introduction /
_cedited by V Subbulakshmi
260 _aHyderabad
_bThe ICFAI University Press
_c2005
300 _ai, 171p.
_c20 cms.
700 _aSubbulakshmi, V
_947195
942 _2ddc
_cEN
_h337.51
_mCHI
999 _c66733
_d66733